00333nam a2200121Ia 4500008004100000041000800041082001500049100002000064245004500084260004200129300003100171365000900202240624s9999 xx 000 0 und d aeng a332.63 NAV aNAVELLIER LOUIS aLITTLE BOOK THAT MAKES YOU RICH A PROVEN c2007aNew JerseybJohn Wiley and Sons axxi, : 185 : p. : cm. ; 19 cb30